| 000 | 00442nam a2200169Ia 4500 | ||
|---|---|---|---|
| 003 | LK-CoDNM | ||
| 008 | 010623t1924 xxu||||| |||| 00| 1 sin d | ||
| 040 |
_aLK-CoDNM _dLK-CoDNM _eLK-CoDNM |
||
| 041 | _asin | ||
| 080 | _a104 C 11 | ||
| 100 |
_aPeris,H.H _eed. |
||
| 245 | _aතකපණ්ඩිත ජාතකය | ||
| 246 | _aTakkapandita Jaathakaya | ||
| 260 |
_bSaddhamma Prakasa _aColombo _c1924 |
||
| 300 | _b14p, 21 cm | ||
| 942 | _cBK | ||
| 999 |
_c92367 _d92367 |
||